Normal view
MARC view
- Ghafer Shehzad
Entry Personal Name
001 - CONTROL NUMBER
- control field: 4317
003 - CONTROL NUMBER IDENTIFIER
- control field: NUST
005 - DATE AND TIME OF LATEST TRANSACTION
- control field: 20170828122011.0
008 - FIXED-LENGTH DATA ELEMENTS
- fixed length control field: 170828|| aca||aabn | a|a d
040 ## - CATALOGING SOURCE
- Original cataloging agency: NUST
- Transcribing agency: NUST
100 ## - HEADING--PERSONAL NAME
- Personal name: Ghafer Shehzad
670 ## - SOURCE DATA FOUND
- Source citation: Work cat.: (NUST): Ghafer Shehzad, Punjab main khanqahi culture /, 2009
